The metalliferous mines regulations, 1961, as modified up to the 28th February, 1967. (Record no. 80439)

MARC details
000 -LEADER
fixed length control field 00862cam a22002531 4500
001 - CONTROL NUMBER
control field sa 68004940
003 - CONTROL NUMBER IDENTIFIER
control field DLC
005 - DATE AND TIME OF LATEST TRANSACTION
control field 20260227112505.0
008 - FIXED-LENGTH DATA ELEMENTS--GENERAL INFORMATION
fixed length control field 720425s1967 ii ak 000 0 eng
010 ## - LIBRARY OF CONGRESS CONTROL NUMBER
LC control number sa 68004940
025 ## - OVERSEAS ACQUISITION NUMBER
Overseas acquisition number PL480:I-E-9720
040 ## - CATALOGING SOURCE
Original cataloging agency DLC
Transcribing agency DLC
Modifying agency DLC
043 ## - GEOGRAPHIC AREA CODE
Geographic area code a-ii---
050 00 - LIBRARY OF CONGRESS CALL NUMBER
Classification number KNS1393.M56
Item number A3 1967
082 00 - DEWEY DECIMAL CLASSIFICATION NUMBER
Classification number 614
110 1# - MAIN ENTRY--CORPORATE NAME
Corporate name or jurisdiction name as entry element India.
Subordinate unit Department of Labour and Employment.
245 14 - TITLE STATEMENT
Title The metalliferous mines regulations, 1961, as modified up to the 28th February, 1967.
260 ## - PUBLICATION, DISTRIBUTION, ETC.
Place of publication, distribution, etc. Delhi,
Name of publisher, distributor, etc. Manager of Publications,
Date of publication, distribution, etc. 1967.
300 ## - PHYSICAL DESCRIPTION
Extent 102 p.
Other physical details illus., forms.
Dimensions 24 cm.
350 ## - PRICE (NR) (BK AM CF MU VM SE) [OBSOLETE]
Price Rs1.05, $0.38
500 ## - GENERAL NOTE
General note Cover title.
500 ## - GENERAL NOTE
General note At head of title: Govt. of India. Ministry of Labour, Employment and Rehabilitation. Dept. of Labour & Employment.
650 #0 - SUBJECT ADDED ENTRY--TOPICAL TERM
Topical term or geographic name entry element Mine safety
General subdivision Law and legislation
Geographic subdivision India.

No items available.

Powered by Koha